Mestská koľajová dráha Karlsruhe-Bretten - model riešenia prímestskej dopravy v mestských aglomeráciách

Bibliographic Details
Main Author: Ižvolt, Libor, 1955- (Author)
Format: Article
Language:Slovak
PhysicalDescription:Sch. 1, lit. 3 zázn. v češ., nem.
ISSN:1210-0978
Subjects:

MARC

LEADER 00000nab a2200000 a 4500
001 vtls000508406
003 SK-MaSNL
005 20260304092714.0
008 250425c1994 xo 0 slo
015 |a SNBRB19rr/mm-uuuuu 
035 |a CL0508544 
035 |a urn:nbn:sk:snk-ab31hz 
035 |a (urnnbn)urn:nbn:sk:snk:ar-a04m7t 
035 |a (uuid)2305d063-d50b-42a8-b3d0-de5942901ab9 
040 |a SNKBUCL  |b slo  |c SNKBUCL  |e AACR2 
041 0 |a slo 
044 |a xo  |c SK 
080 |a 656.3(430)  |2 1981 
080 |a 625.45(430)  |2 1981 
100 1 |a Ižvolt, Libor,  |d 1955-  |4 aut  |9 11085 
245 1 0 |a Mestská koľajová dráha Karlsruhe-Bretten - model riešenia prímestskej dopravy v mestských aglomeráciách  |c Libor Ižvolt 
300 |b Sch. 1, lit. 3 zázn. v češ., nem. 
650 0 7 |a železničné trate  |2 snkbucl  |9 4210 
650 0 7 |a trate električkové  |2 snkbucl  |9 880063 
650 0 7 |a dráhy koľajové mestské  |2 snkbucl  |9 1386904 
655 7 |a články z novín a časopisov  |2 snkbucl  |9 267496 
773 0 |t Horizonty dopravy  |g Roč. 2, č. 1 (1994), s. 19-22  |x 1210-0978 
850 |a Slovenská národná knižnica 
852 |a Slovenská národná knižnica 
954 |a odborná, vedecká literatúra pôvodná (slovenská)  |2 lita 
958 |a article27 
958 |a OND 
958 |a RK 
958 |a DE 
958 |a EUIPO 
992 |a RBX 
999 |c 2820006  |d 2821936